00780nam a22002057a 4500003000400000005001700004008004100021040002200062082001500084100002800099245002100127260005500148300003500203366000800238505015800246650004100404650004700445650004600492700003600538OSt20230914093628.0221006b |||||||| |||| 00| 0 eng d cBiblioteca Lado V a731bF181o aFalcó, Raúletextos aEl Ojo Visitado/ bInstituto Nacional de Bellas Artesc1984aMéxico c19x19cma42p.bhojas separadas espa aEsfinje Eduarda y Tatiana El ángel caído Mi querida Frida Júntense pa´la foto Rayito de luna My dear Liberty Historia del Ojo tEnsamblajes 2Tesauro de Arte & ArquitecturaaARTE 2Tesauro de Arte & ArquitecturaaEXHIBICION 2Tesauro de Arte & ArquitecturaaESCULTURA aHernández, Enriqueeensambles